| 000 | 00674nam a22001937a 4500 | ||
|---|---|---|---|
| 005 | 20250717142216.0 | ||
| 008 | 250717b |||||||| |||| 00| 0 eng d | ||
| 020 | _a978-1-111-83171-4 | ||
| 050 | _aCB245 .W483 2013 | ||
| 100 | _aPERRY, MARVIN | ||
| 245 | _aWESTERN CIVILIZATION: IDEAS, POLITICS, AND SOCIETY FROM THE 1600s | ||
| 250 | _a10 | ||
| 260 |
_a BOSTON MA _bWADSWORTH CENGAGE LEARNING _c2013 |
||
| 300 | _aXXXI, 888 P. : ILL. | ||
| 500 | _aINCLUDES BIBLIOGRAPHICAL REFERENCES AND INDEX | ||
| 650 | _aCIVILIZATION, WESTERN--HISTORY--TEXTBOOKS | ||
| 700 |
_a CHASE, MYRNA _aJACOB, JAMES R. _aJACOB, MARGARET C. _aVON LAUE, THEODORE H. |
||
| 942 |
_2lcc _cBK |
||
| 999 |
_c215922 _d215922 |
||